000 00685nam a2200205Ia 4500
003 GCL
008 140319s9999 xx 000 0 ara d
040 _aGCL /
_cGCL
082 0 4 _a237.2
_bج.ج
100 1 _aجلال الدين عبدالرحمن ابى بكر
245 1 0 _aالجامع الصغير فى احاديث البشير القدير /
_cجلال الدين عبدالرحمن ابى بكر
260 _a[S.N] :
_bدار الكتب العلمية للنشر والتوزيع
300 _a208 ص
490 _a
650 0 4 _aالحديث
650 0 4 _aشرح الحديث
650 0 4 _aتفسير الحديث
650 0 4 _aجمع الحديث
942 _2ddc
_cBK
999 _c54414
_d54414